Fundamentals of residential construction / (Record no. 1967)

MARC details
000 -LEADER
fixed length control field 01105nac a22002651u 4500
010 ## - LIBRARY OF CONGRESS CONTROL NUMBER
LC control number 2005056263
020 ## - INTERNATIONAL STANDARD BOOK NUMBER
International Standard Book Number 0471681792
020 ## - INTERNATIONAL STANDARD BOOK NUMBER
International Standard Book Number 9780471681793
035 ## - SYSTEM CONTROL NUMBER
System control number (OCoLC)ocm62110052
082 00 - DEWEY DECIMAL CLASSIFICATION NUMBER
Classification number 690/.837
Item number A4251
090 ## - LOCALLY ASSIGNED LC-TYPE CALL NUMBER (OCLC); LOCAL CALL NUMBER (OCLC)
-- 1967
-- 1967
100 ## - MAIN ENTRY--PERSONAL NAME
Personal name Allen, Edward.
245 10 - TITLE STATEMENT
Title Fundamentals of residential construction /
Statement of responsibility, etc Edward Allen and Rob Thallon ; featuring the drawings of Joseph Iano.
250 ## - EDITION STATEMENT
Edition statement 2nd ed.
260 ## - PUBLICATION, DISTRIBUTION, ETC. (IMPRINT)
Place of publication, distribution, etc Hoboken, N.J. :
Name of publisher, distributor, etc John Wiley,
Date of publication, distribution, etc c2006.
300 ## - PHYSICAL DESCRIPTION
Extent xii, 628 p. :
Other physical details ill. ;
Dimensions 29 cm.
504 ## - BIBLIOGRAPHY, ETC. NOTE
Bibliography, etc Includes bibliographical references and index.
650 #0 - SUBJECT ADDED ENTRY--TOPICAL TERM
Topical term or geographic name as entry element House construction.
700 1# - ADDED ENTRY--PERSONAL NAME
Personal name Thallon, Rob.
700 1# - ADDED ENTRY--PERSONAL NAME
Personal name Iano, Joseph.
856 42 - ELECTRONIC LOCATION AND ACCESS
Materials specified Publisher description
Uniform Resource Identifier <a href="http://www.loc.gov/catdir/enhancements/fy0626/2005056263-d.html">http://www.loc.gov/catdir/enhancements/fy0626/2005056263-d.html</a>
856 42 - ELECTRONIC LOCATION AND ACCESS
Materials specified Table of contents only
Uniform Resource Identifier <a href="http://www.loc.gov/catdir/enhancements/fy0653/2005056263-t.html">http://www.loc.gov/catdir/enhancements/fy0653/2005056263-t.html</a>
942 ## - ADDED ENTRY ELEMENTS (KOHA)
Item type Book - Borrowing
Call number prefix 690/.837
Holdings
Withdrawn status Item status Source of classification or shelving scheme Damaged status Not for loan Vendor Home library Current library Shelving location Date acquired Source of acquisition Total Checkouts Total Renewals Full call number Barcode Date last seen Date last borrowed Cost, replacement price Koha item type
    Dewey Decimal Classification       Central Library Central Library First floor 05/02/2007   3 4 690.837 ALL 000002316 15/07/2025 13/11/2014 562.00 Book - Borrowing